<?xml version="1.0" encoding="UTF-8"?>
<record
    xmlns:xsi="http://www.w3.org/2001/XMLSchema-instance"
    xsi:schemaLocation="http://www.loc.gov/MARC21/slim http://www.loc.gov/standards/marcxml/schema/MARC21slim.xsd"
    xmlns="http://www.loc.gov/MARC21/slim">

  <leader>01344nam a2200325 i 4500</leader>
  <datafield tag="999" ind1=" " ind2=" ">
    <subfield code="c">7661</subfield>
    <subfield code="d">7661</subfield>
  </datafield>
  <controlfield tag="001">991060868369006706</controlfield>
  <controlfield tag="003">OSt</controlfield>
  <controlfield tag="005">20230323181522.0</controlfield>
  <controlfield tag="008">221027e202206  spc||||  |||| 0|0 0 cat| </controlfield>
  <datafield tag="015" ind1=" " ind2=" ">
    <subfield code="a">LL2022</subfield>
    <subfield code="2">bnc</subfield>
  </datafield>
  <datafield tag="017" ind1=" " ind2=" ">
    <subfield code="a">DL Gi 853-2022</subfield>
    <subfield code="b">Biblioteca de Catalunya</subfield>
  </datafield>
  <datafield tag="020" ind1=" " ind2=" ">
    <subfield code="a">9788419292049</subfield>
  </datafield>
  <datafield tag="040" ind1=" " ind2=" ">
    <subfield code="a">ES-BaBC</subfield>
    <subfield code="b">cat</subfield>
    <subfield code="e">rda</subfield>
    <subfield code="c">CDMR</subfield>
  </datafield>
  <datafield tag="043" ind1=" " ind2=" ">
    <subfield code="a">e-sp---</subfield>
    <subfield code="b">e-spcbr</subfield>
    <subfield code="2">catmarc</subfield>
  </datafield>
  <datafield tag="080" ind1=" " ind2=" ">
    <subfield code="a">622.86Mina Clara, Accident a la</subfield>
    <subfield code="2">2004</subfield>
  </datafield>
  <datafield tag="080" ind1=" " ind2=" ">
    <subfield code="a">622.33</subfield>
    <subfield code="x">(460.23 Be)</subfield>
    <subfield code="x">(091)</subfield>
    <subfield code="2">2004</subfield>
  </datafield>
  <datafield tag="080" ind1=" " ind2=" ">
    <subfield code="a">622.86</subfield>
    <subfield code="x">(460.23 Be)</subfield>
    <subfield code="x">(091)</subfield>
    <subfield code="2">2004</subfield>
  </datafield>
  <datafield tag="100" ind1="1" ind2=" ">
    <subfield code="a">Fava Compte, Mar&#xED;a</subfield>
    <subfield code="9">1678</subfield>
  </datafield>
  <datafield tag="245" ind1="1" ind2="0">
    <subfield code="a">La Mina de la mort :</subfield>
    <subfield code="b">en una galeria de carb&#xF3; de l'Esp&#xE0;, al Bergued&#xE0;, l'any 1944 van morir 34 miners, l'accident amb m&#xE9;s v&#xED;ctimes mortals de la hist&#xF2;ria de la mineria a l'Estat espanyol /</subfield>
    <subfield code="c">Maria Fav&#xE0; Compta</subfield>
  </datafield>
  <datafield tag="264" ind1=" " ind2="1">
    <subfield code="a">Cass&#xE0; de la Selva :</subfield>
    <subfield code="b">Gavarres,</subfield>
    <subfield code="c">2022</subfield>
  </datafield>
  <datafield tag="300" ind1=" " ind2=" ">
    <subfield code="a">125 p&#xE0;gines :</subfield>
    <subfield code="b">il&#xB7;lustracions en blanc i negre ;</subfield>
    <subfield code="c">24 cm</subfield>
  </datafield>
  <datafield tag="490" ind1="1" ind2=" ">
    <subfield code="a">Col&#xB7;lecci&#xF3; periodismes ;</subfield>
    <subfield code="v">1</subfield>
  </datafield>
  <datafield tag="650" ind1=" " ind2="7">
    <subfield code="a">Mina Clara, Accident a la, Esp&#xE0; (Bergued&#xE0;), 1944</subfield>
    <subfield code="2">lemac</subfield>
  </datafield>
  <datafield tag="650" ind1=" " ind2="7">
    <subfield code="a">Mines de carb&#xF3;</subfield>
    <subfield code="z">Bergued&#xE0; (Catalunya)</subfield>
    <subfield code="x">Hist&#xF2;ria.</subfield>
    <subfield code="2">lemac</subfield>
  </datafield>
  <datafield tag="650" ind1=" " ind2="7">
    <subfield code="a">Mines de carb&#xF3;</subfield>
    <subfield code="x">Accidents</subfield>
    <subfield code="z">Bergued&#xE0; (Catalunya)</subfield>
    <subfield code="x">Hist&#xF2;ria.</subfield>
    <subfield code="2">lemac</subfield>
  </datafield>
  <datafield tag="830" ind1=" " ind2="0">
    <subfield code="a">Col&#xB7;lecci&#xF3; periodismes (Editorial Gavarres) ;</subfield>
    <subfield code="v">1</subfield>
  </datafield>
  <datafield tag="908" ind1=" " ind2=" ">
    <subfield code="a">BC</subfield>
    <subfield code="a">URL</subfield>
  </datafield>
  <datafield tag="940" ind1=" " ind2=" ">
    <subfield code="a">BC</subfield>
  </datafield>
  <datafield tag="942" ind1=" " ind2=" ">
    <subfield code="2">udc</subfield>
    <subfield code="c">MON</subfield>
  </datafield>
  <datafield tag="952" ind1=" " ind2=" ">
    <subfield code="0">0</subfield>
    <subfield code="1">0</subfield>
    <subfield code="4">0</subfield>
    <subfield code="7">0</subfield>
    <subfield code="a">CDMR</subfield>
    <subfield code="b">CDMR</subfield>
    <subfield code="d">2023-03-23</subfield>
    <subfield code="e">Donaci&#xF3;</subfield>
    <subfield code="g">20.00</subfield>
    <subfield code="l">0</subfield>
    <subfield code="o">Dj /139</subfield>
    <subfield code="p">CDMR22090005</subfield>
    <subfield code="r">2023-03-23</subfield>
    <subfield code="w">2023-03-23</subfield>
    <subfield code="y">MON</subfield>
  </datafield>
</record>
